000 00584nam a22001577a 4500
003 OSt
005 20150929091604.0
008 150929b xxu||||| |||| 00| 0 eng d
040 _cRUA
082 _aAGR CHI 2012 B053 Or.1
100 _91543
_aCHIM, CHHUNY.
245 _athe effects of plant density on tomato growth and yield (ឥទ្ធិពលនៃដង់ស៊ីតេទៅលើការលូតលាស់និង ទិន្នផលដំណាំប៉េងប៉ោះ)
260 _aPhnom Penh
_bRUA
_c2012
300 _ax, 38p.
_bill.
_c29cm.
942 _2ddc
_cAGR
999 _c1451
_d1451